Daňová politika Európskej únie v oblasti dane z pridanej hodnoty a boj proti jej únikom
Problematika dane z pridanej hodnoty v Slovenskej republike a v rámci Európskej únie. Politika Európskej únie v oblasti nepriamych daní - DPH. Opatrenia EÚ uplatnené na zefektívnenie výberu DPH a boj proti daňovým únikom. Vývoj a výnos sadzby DPH na Slovensku. Daňové úniky DPH na Slovensku.
Guardado en:
| Autor principal: | |
|---|---|
| Formato: | Capítulo de libro |
| Lenguaje: | eslovaco |
| Materias: | |
| Etiquetas: |
Sin Etiquetas, Sea el primero en etiquetar este registro!
|
MARC
| LEADER | 00000naa$a2200000$$$4500 | ||
|---|---|---|---|
| 001 | 0270623 | ||
| 005 | 20240502074237.3 | ||
| 041 | 0 | |a slo | |
| 044 | |a SK | ||
| 245 | 1 | 0 | |a Daňová politika Európskej únie v oblasti dane z pridanej hodnoty a boj proti jej únikom |c Jakub Sieber |
| 520 | |a Problematika dane z pridanej hodnoty v Slovenskej republike a v rámci Európskej únie. Politika Európskej únie v oblasti nepriamych daní - DPH. Opatrenia EÚ uplatnené na zefektívnenie výberu DPH a boj proti daňovým únikom. Vývoj a výnos sadzby DPH na Slovensku. Daňové úniky DPH na Slovensku. | ||
| 610 | 2 | 0 | |a dane z hodnoty pridanej |
| 610 | 2 | 0 | |a únik daňový |
| 610 | 2 | 0 | |a sadzby daňové |
| 610 | 2 | 0 | |a legislatíva |
| 610 | 2 | 0 | |a Slovensko |
| 610 | 2 | 0 | |a Európska únia |
| 100 | 1 | |a Sieber, Jakub, 1992- | |